<?xml version="1.0" encoding="UTF-8"?>
<record
    xmlns:xsi="http://www.w3.org/2001/XMLSchema-instance"
    xsi:schemaLocation="http://www.loc.gov/MARC21/slim http://www.loc.gov/standards/marcxml/schema/MARC21slim.xsd"
    xmlns="http://www.loc.gov/MARC21/slim">

  <leader>02238nam a2200325 i 4500</leader>
  <controlfield tag="003">CO-MqBPB</controlfield>
  <controlfield tag="005">20220603111604.0</controlfield>
  <controlfield tag="007">ta</controlfield>
  <controlfield tag="008">171002s2008    ck a   g      000 0 spa  </controlfield>
  <datafield tag="020" ind1=" " ind2=" ">
    <subfield code="a">9789585579200</subfield>
  </datafield>
  <datafield tag="040" ind1=" " ind2=" ">
    <subfield code="a">CO-MqBPB</subfield>
    <subfield code="b">spa</subfield>
    <subfield code="e">rda</subfield>
    <subfield code="c">CO-MqBPB</subfield>
  </datafield>
  <datafield tag="041" ind1=" " ind2=" ">
    <subfield code="a">spa</subfield>
  </datafield>
  <datafield tag="084" ind1=" " ind2=" ">
    <subfield code="a">AN GARo</subfield>
  </datafield>
  <datafield tag="100" ind1="1" ind2=" ">
    <subfield code="a">Garc&#xED;a M&#xE1;rquez, Gabriel</subfield>
    <subfield code="d">1928-2014</subfield>
    <subfield code="9">176675</subfield>
  </datafield>
  <datafield tag="245" ind1="1" ind2="3">
    <subfield code="a">El oto&#xF1;o del patriarca /</subfield>
    <subfield code="c">Gabriel G&#xE1;rcia M&#xE1;rquez</subfield>
  </datafield>
  <datafield tag="250" ind1=" " ind2=" ">
    <subfield code="a">Primera edici&#xF3;n</subfield>
    <subfield code="b">Segunda reimpresi&#xF3;n</subfield>
  </datafield>
  <datafield tag="260" ind1=" " ind2=" ">
    <subfield code="a">Bogot&#xE1; D.C. , Colombia</subfield>
    <subfield code="b">Penguin Random House Grupo editorial</subfield>
    <subfield code="c">2022</subfield>
  </datafield>
  <datafield tag="264" ind1=" " ind2="1">
    <subfield code="a">Bogot&#xE1;</subfield>
    <subfield code="b">Verticales de bolsillo</subfield>
    <subfield code="c">2008</subfield>
  </datafield>
  <datafield tag="300" ind1=" " ind2=" ">
    <subfield code="a">299 p&#xE1;ginas</subfield>
    <subfield code="c">19 cm</subfield>
  </datafield>
  <datafield tag="336" ind1=" " ind2=" ">
    <subfield code="a">texto</subfield>
    <subfield code="b">txt</subfield>
    <subfield code="2">rdacontent</subfield>
  </datafield>
  <datafield tag="337" ind1=" " ind2=" ">
    <subfield code="a">sin mediaci&#xF3;n</subfield>
    <subfield code="b">n</subfield>
    <subfield code="2">rdamedia</subfield>
  </datafield>
  <datafield tag="338" ind1=" " ind2=" ">
    <subfield code="a">volumen</subfield>
    <subfield code="b">nc</subfield>
    <subfield code="2">rdacarrier</subfield>
  </datafield>
  <datafield tag="490" ind1="0" ind2=" ">
    <subfield code="a">Colecci&#xF3;n Premios Nobel de Literatura</subfield>
  </datafield>
  <datafield tag="500" ind1=" " ind2=" ">
    <subfield code="a">Gabriel Garc&#xED;a M&#xE1;rquez construy&#xF3;, en El oto&#xF1;o del patriarca, una maquinaria narrativa perfecta que desgrana una historia universal -la agon&#xED;a y muerte de un dictador- en forma c&#xED;clica, experimental y real al mismo tiempo, en seis bloques narrativos sin di&#xE1;logos, sin puntos y aparte, repitiendo una an&#xE9;cdota siempre igual y siempre distinta, acumulando hechos y descripciones deslumbrantes.   Novela escrita en Barcelona entre 1968 y 1975, El oto&#xF1;o del patriarca deja asomar en su trasfondo el acontecimiento m&#xE1;s importante de la historia espa&#xF1;ola de aquellos a&#xF1;os, la muerte del general Franco, aunque su contexto y estilo sean, como siempre con Garc&#xED;a M&#xE1;rquez, el de la asombrosa realidad latinoamericana, que el autor ha elevado una vez m&#xE1;s a la dignidad del mito.   &#xAB;Durante el fin de semana los gallinazos se metieron por los balcones de la casa presidencial, destrozaron a picotazos las mallas de alambre de las ventanas y removieron con sus alas el tiempo estancado en el interior, y en la madrugada del lunes la ciudad despert&#xF3; de su letargo de siglos con una tibia y tierna brisa de muerto grande y de podrida grandeza.&#xBB;</subfield>
  </datafield>
  <datafield tag="650" ind1="1" ind2="7">
    <subfield code="a">Novela colombiana</subfield>
    <subfield code="y">Siglo XX</subfield>
    <subfield code="2">LEMB</subfield>
    <subfield code="9">176676</subfield>
  </datafield>
  <datafield tag="650" ind1="1" ind2="7">
    <subfield code="a">Literatura colombiana</subfield>
    <subfield code="y">Siglo XX</subfield>
    <subfield code="2">LEMB</subfield>
    <subfield code="9">176677</subfield>
  </datafield>
  <datafield tag="650" ind1="1" ind2="7">
    <subfield code="a">Realismo m&#xE1;gico</subfield>
    <subfield code="v">Novela</subfield>
    <subfield code="2">LEMB</subfield>
    <subfield code="9">104131</subfield>
  </datafield>
  <datafield tag="650" ind1="1" ind2="7">
    <subfield code="a">Dictadores</subfield>
    <subfield code="v">Novela</subfield>
    <subfield code="2">LEMB</subfield>
    <subfield code="9">176678</subfield>
  </datafield>
  <datafield tag="942" ind1=" " ind2=" ">
    <subfield code="c">BKLIT</subfield>
  </datafield>
  <datafield tag="999" ind1=" " ind2=" ">
    <subfield code="c">14275</subfield>
    <subfield code="d">14275</subfield>
  </datafield>
  <datafield tag="952" ind1=" " ind2=" ">
    <subfield code="0">0</subfield>
    <subfield code="1">0</subfield>
    <subfield code="2">ddc</subfield>
    <subfield code="4">0</subfield>
    <subfield code="7">0</subfield>
    <subfield code="8">LA</subfield>
    <subfield code="a">BPMOS</subfield>
    <subfield code="b">BPMOS</subfield>
    <subfield code="d">2022-06-03</subfield>
    <subfield code="e">Compra BPSJBM 2022</subfield>
    <subfield code="i">NT</subfield>
    <subfield code="l">3</subfield>
    <subfield code="o">AN GARo</subfield>
    <subfield code="p">MOS502332</subfield>
    <subfield code="r">2024-07-03</subfield>
    <subfield code="s">2024-06-05</subfield>
    <subfield code="t">EJ. 1</subfield>
    <subfield code="w">2022-06-03</subfield>
    <subfield code="y">BKLIT</subfield>
    <subfield code="z">Quince d&#xED;as</subfield>
  </datafield>
  <datafield tag="952" ind1=" " ind2=" ">
    <subfield code="0">0</subfield>
    <subfield code="1">0</subfield>
    <subfield code="2">ddc</subfield>
    <subfield code="4">0</subfield>
    <subfield code="7">0</subfield>
    <subfield code="8">LA</subfield>
    <subfield code="a">BPMOS</subfield>
    <subfield code="b">BPMOS</subfield>
    <subfield code="d">2022-06-03</subfield>
    <subfield code="e">Compra BPSJBM 2022</subfield>
    <subfield code="i">NT</subfield>
    <subfield code="l">6</subfield>
    <subfield code="o">AN GARo</subfield>
    <subfield code="p">MOS502333</subfield>
    <subfield code="r">2026-03-31</subfield>
    <subfield code="s">2026-02-27</subfield>
    <subfield code="t">EJ. 2</subfield>
    <subfield code="w">2022-06-03</subfield>
    <subfield code="y">BKLIT</subfield>
    <subfield code="z">Quince d&#xED;as</subfield>
  </datafield>
</record>
